000 01061nam a2200349 a 4500
001 114624
005 20230410132554.0
008 870825s1986 mx b 000 1 spa
035 _9(DLC) 86208286
035 _a3361471
010 _a86208286
020 _a9682702127
040 _aDLC
_cDLC
_dDLC
043 _an-mx---
050 1 4 _aPQ7298.23.A7135
_bM379 1986
082 0 0 _a863
_219
100 2 _aMartín Moreno, Francisco,
_d1946-
245 1 0 _aMéxico negro :
_buna novela política /
_cFrancisco Martín Moreno.
250 _a1a ed.
260 _aMéxico :
_bJ. Mortiz,
_c1986.
300 _a631 p. ;
_c22 cm.
490 1 _aNovelistas contemporáneos
504 _aBibliography: p. 627-631.
650 4 _aCRV
650 4 _aColección René Villareal
650 0 _aPolitical fiction, Mexican.
651 0 _aMexico
_xPolitics and government
_y1867-1910
_xFiction.
651 0 _aMexico
_xPolitics and government
_y1910-1946
_xFiction.
830 0 _aNovelistas contemporâaneos (Mexico City, Mexico)
942 _2lcc
_cbk
946 _almd
999 _c83918
_d83918